[Event "Catalunya-chT GpB final"]
[Site "Barcelona"]
[Date "2019.03.30"]
[Round "4.6"]
[White "Llaneza Vega, Patricia"]
[Black "Pinol Clapera, David"]
[Result "1-0"]
[WhiteElo "2152"]
[BlackElo "2135"]
[PlyCount "101"]
[EventDate "2019.03.09"]
[EventType "team-tourn"]
[EventRounds "4"]
[EventCountry "ESP"]
[SourceTitle "EXT 2020"]
[Source "ChessBase"]
[SourceDate "2019.10.17"]
[SourceVersion "1"]
[SourceVersionDate "2019.10.17"]
[SourceQuality "1"]
[WhiteTeam "Foment Martinenc"]
[BlackTeam "Olot"]
[WhiteTeamCountry "ESP"]
[BlackTeamCountry "ESP"]

1. e4 c6 2. d4 d5 3. Nc3 dxe4 4. Nxe4 Nf6 5. Nxf6+ gxf6 6. c3 Bf5 7. Nf3 e6 8. g3 Qd5 9. Qe2 Nd7 10. Bg2 Qe4 11. Be3 Qd3 12. Nh4 Bg6 13. Nxg6 Qxe2+ 14. Kxe2 hxg6 15. h4 0-0-0 16. c4 Nb6 17. b3 Bh6 18. Rad1 Kc7 19. g4 Bxe3 20. fxe3 f5 21. Rdf1 Rd7 22. h5 gxh5 23. gxf5 e5 24. dxe5 Re7 25. Bf3 h4 26. e6 fxe6 27. f6 Rf7 28. Bg4 Rh6 29. Bxe6 Rfxf6 30. Rxf6 Rxf6 31. Bg4 Rh6 32. Kf3 Kd6 33. Kf4 Ke7 34. Kg5 Rh8 35. Rxh4 Rxh4 36. Kxh4 Kd6 37. Kg5 Na8 38. Kf6 Nc7 39. Bh5 b5 40. e4 bxc4 41. bxc4 Kc5 42. Bf7 a5 43. Ke7 Na6 44. e5 Nb4 45. Kd7 Nxa2 46. e6 Nc3 47. Bg6 a4 48. e7 a3 49. e8Q a2 50. Qe1 Kb4 51. c5 1-0

[Event "Catalunya-chT GpB final"]
[Site "Barcelona"]
[Date "2019.03.16"]
[Round "2.9"]
[White "Pinol Clapera, David"]
[Black "Sole Gonzalez, Edgar"]
[Result "0-1"]
[WhiteElo "2135"]
[BlackElo "1971"]
[PlyCount "90"]
[EventDate "2019.03.09"]
[EventType "team-tourn"]
[EventRounds "4"]
[EventCountry "ESP"]
[SourceTitle "EXT 2020"]
[Source "ChessBase"]
[SourceDate "2019.10.17"]
[SourceVersion "1"]
[SourceVersionDate "2019.10.17"]
[SourceQuality "1"]
[WhiteTeam "Olot"]
[BlackTeam "Lleida"]
[WhiteTeamCountry "ESP"]
[BlackTeamCountry "ESP"]

1. e4 e5 2. Nf3 Nc6 3. d4 exd4 4. Nxd4 Bc5 5. Nb3 Bb6 6. Qe2 d6 7. Be3 Be6 8. Nc3 Nf6 9. Bxb6 axb6 10. Qd2 Qe7 11. 0-0-0 0-0 12. f3 Bxb3 13. cxb3 Rfd8 14. Kb1 Ne5 15. Qf2 Rd7 16. g4 Rad8 17. g5 Nh5 18. Bh3 Qxg5 19. Bxd7 Rxd7 20. Nd5 Nf4 21. Rhg1 Qh6 22. Nxf4 Qxf4 23. Qg3 Qxg3 24. Rxg3 Re7 25. h4 Nd7 26. Rdg1 g6 27. h5 Kg7 28. hxg6 fxg6 29. Rc1 Nf6 30. a4 d5 31. exd5 Nxd5 32. Rg5 c6 33. Rg4 Re3 34. b4 Rxf3 35. b5 cxb5 36. Rd4 Rf5 37. axb5 h5 38. Rcd1 Nf6 39. Rb4 g5 40. Rd6 h4 41. Rxb6 h3 42. Rxb7+ Kg6 43. Rb3 g4 44. Rb8 h2 45. Rh8 Nh5 0-1

[Event "Catalunya-chT Gp2"]
[Site "Barcelona"]
[Date "2019.02.16"]
[Round "5.7"]
[White "Pinol Clapera, David"]
[Black "Escandell, Juan C"]
[Result "0-1"]
[WhiteElo "2135"]
[BlackElo "2188"]
[PlyCount "54"]
[EventDate "2019.01.19"]
[EventType "team-tourn"]
[EventRounds "7"]
[EventCountry "ESP"]
[SourceTitle "CBM 189 Extra"]
[Source "ChessBase"]
[SourceDate "2019.06.03"]
[SourceVersion "1"]
[SourceVersionDate "2019.06.03"]
[SourceQuality "1"]
[WhiteTeam "Olot"]
[BlackTeam "Cerdanyola Valles"]
[WhiteTeamCountry "ESP"]
[BlackTeamCountry "ESP"]

1. e4 e5 2. Nf3 Nc6 3. d4 exd4 4. Nxd4 Bc5 5. Nb3 Bb6 6. Be2 Nf6 7. Nc3 d6 8. 0-0 Be6 9. Bg5 h6 10. Bxf6 Qxf6 11. Nd5 Bxd5 12. exd5 Ne7 13. a4 a5 14. Bb5+ c6 15. Qd3 0-0 16. dxc6 bxc6 17. Bxc6 Nxc6 18. Qb5 Rab8 19. Qxc6 Rfc8 20. Qe4 Qxb2 21. Rac1 Rc3 22. Qf4 Rxc2 23. Rxc2 Qxc2 24. Qxd6 Bxf2+ 25. Rxf2 Qxb3 26. Qe5 Rd8 27. Qxa5 Rd1+ 0-1

[Event "Catalunya-chT Gp2"]
[Site "Barcelona"]
[Date "2019.01.19"]
[Round "1.5"]
[White "Hernandez, Cristian Andres"]
[Black "Pinol Clapera, David"]
[Result "1-0"]
[WhiteElo "2320"]
[BlackElo "2135"]
[PlyCount "103"]
[EventDate "2019.01.19"]
[EventType "team-tourn"]
[EventRounds "7"]
[EventCountry "ESP"]
[SourceTitle "CBM 188 Extra"]
[Source "ChessBase"]
[SourceDate "2019.02.26"]
[SourceVersion "1"]
[SourceVersionDate "2019.02.26"]
[SourceQuality "1"]
[WhiteTeam "Barbera"]
[BlackTeam "Olot"]
[WhiteTeamCountry "ESP"]
[BlackTeamCountry "ESP"]

1. d4 Nf6 2. c4 c5 3. Nf3 g6 4. Nc3 cxd4 5. Nxd4 Bg7 6. e4 d6 7. Be2 Nc6 8. Be3 Bd7 9. 0-0 0-0 10. f3 Rc8 11. Qd2 Re8 12. Rfc1 Nxd4 13. Bxd4 a6 14. b4 e5 15. Be3 Be6 16. Nd5 Bxd5 17. cxd5 Nh5 18. Rxc8 Qxc8 19. Rc1 Qd8 20. Qc3 Nf4 21. Bf1 f5 22. g3 Nh5 23. Qc7 Qf6 24. Qd7 Qf7 25. Rc7 Qxd7 26. Rxd7 fxe4 27. fxe4 Nf6 28. Rxb7 Nxe4 29. Bxa6 Nc3 30. Bb5 Ra8 31. Bd7 Nd1 32. Be6+ Kh8 33. Ba7 e4 34. Rb8+ Rxb8 35. Bxb8 Bd4+ 36. Kf1 Ne3+ 37. Ke2 Nc4 38. Bc8 Bc3 39. Ba6 Nb6 40. Bxd6 Nxd5 41. a3 Bd4 42. Bc5 Be5 43. Bc4 Nf6 44. a4 Nd7 45. Be3 Kg7 46. a5 Bc7 47. Bd4+ Kf8 48. Ke3 Ke7 49. Kxe4 Kd6 50. Bb5 Bb8 51. Bxd7 Kxd7 52. Kd5 1-0